000 00511nam a2200157 4500
999 _c512099
_d512099
008 191030b ||||| |||| 00| 0 eng d
100 _aSharma, Priyatosh
_912876
245 _aStudy of the jews in maritime trade of Kerala (c.800-c.1400 CE)
260 _bResearch Journal Social Sciences
300 _a26(1&2), 2018: p.191-203.
650 _aLaw of the sea
_912877
650 _aMaritime trade
_912878
773 _aResearch Journal Social Sciences
906 _aTrade - India - Kerala
942 _2ddc
_cAR